Transport and buildings : the environmental impact (Record no. 100626)
[ view plain ]
| 000 -LEADER | |
|---|---|
| fixed length control field | 00746cam a2200301 4500 |
| 008 - FIXED-LENGTH DATA ELEMENTS--GENERAL INFORMATION | |
| fixed length control field | 000000n1999 000 0 eng u |
| 020 ## - INTERNATIONAL STANDARD BOOK NUMBER | |
| International Standard Book Number | 1860813224 |
| 035 ## - SYSTEM CONTROL NUMBER | |
| System control number | (Sirsi) u106745 |
| 050 ## - LIBRARY OF CONGRESS CALL NUMBER | |
| Classification number | 711.73 |
| 100 ## - MAIN ENTRY--PERSONAL NAME | |
| Personal name | Thomas, M. |
| 245 ## - TITLE STATEMENT | |
| Title | Transport and buildings : the environmental impact |
| 260 ## - PUBLICATION, DISTRIBUTION, ETC. | |
| Place of publication, distribution, etc. | London |
| Name of publisher, distributor, etc. | CRC |
| Date of publication, distribution, etc. | 1999 |
| 300 ## - PHYSICAL DESCRIPTION | |
| Extent | 12p. ; 30cm. |
| 350 ## - PRICE (NR) (BK AM CF MU VM SE) [OBSOLETE] | |
| Price | 32.50 |
| 490 ## - SERIES STATEMENT | |
| Series statement | BR |
| Volume/sequential designation | 377 |
| 650 ## - SUBJECT ADDED ENTRY--TOPICAL TERM | |
| Topical term or geographic name entry element | TRANSPORT |
| 650 ## - SUBJECT ADDED ENTRY--TOPICAL TERM | |
| Topical term or geographic name entry element | BUILDING RESEARCH ESTABLISHMENT |
| 650 ## - SUBJECT ADDED ENTRY--TOPICAL TERM | |
| Topical term or geographic name entry element | PLANNING |
| 650 ## - SUBJECT ADDED ENTRY--TOPICAL TERM | |
| Topical term or geographic name entry element | TRANSPORT SCHEMES |
| 650 ## - SUBJECT ADDED ENTRY--TOPICAL TERM | |
| Topical term or geographic name entry element | COMMUTERS |
| 650 ## - SUBJECT ADDED ENTRY--TOPICAL TERM | |
| Topical term or geographic name entry element | PARKING |
| 650 ## - SUBJECT ADDED ENTRY--TOPICAL TERM | |
| Topical term or geographic name entry element | CONGESTION |
| 690 ## - LOCAL SUBJECT ADDED ENTRY--TOPICAL TERM (OCLC, RLIN) | |
| Topical term or geographic name as entry element | TRANSPORT AND COMMUNICATIONS |
| 700 ## - ADDED ENTRY--PERSONAL NAME | |
| Personal name | Rao, S |
| 700 ## - ADDED ENTRY--PERSONAL NAME | |
| Personal name | Fontana, J R |
| 700 ## - ADDED ENTRY--PERSONAL NAME | |
| Personal name | Tassin, M |
| 942 ## - ADDED ENTRY ELEMENTS (KOHA) | |
| Suppress in OPAC | 0 |
| Withdrawn status | Lost status | Source of classification or shelving scheme | Damaged status | Not for loan | Home library | Current library | Shelving location | Date acquired | Total Checkouts | Full call number | Barcode | Date last seen | Copy number | Price effective from | Koha item type |
|---|---|---|---|---|---|---|---|---|---|---|---|---|---|---|---|
| Dewey Decimal Classification | London | London | Folio | 26/06/2000 | F711.73 THO | 30061697 | 06/08/2019 | 1 | 06/08/2019 | Book |